| 000 | 01623nam a2200421Ii 4500 | ||
|---|---|---|---|
| 001 | DIGUIBAG0060 | ||
| 003 | NyNyDIG | ||
| 008 | 231004s2018 ck a ob 000 0 spa d | ||
| 006 | m o d | ||
| 007 | cr ||||||||||| | ||
| 035 | _a(OCoLC)1402839411 | ||
| 040 |
_aDGITA _beng _erda _epn _cDGITA |
||
| 020 |
_a9789587542820 _qeBook |
||
| 043 | _as-ck--- | ||
| 050 | 1 | 4 | _aHM831 ebook |
| 100 | 1 |
_aMolano Granados, Ginna Soraya, _eauthor. |
|
| 245 | 1 | 0 |
_aGuía metodológica para el diseño de espacios públicos para la convivencia / _cautores; coordinador del proyecto, Juan Carlos Garzón; equipo de reflexión metodológica, Ginna Molano, Daniel Lopera, Adriana Bonilla. |
| 264 | 1 |
_aIbagué, Colombia : _bEdiciones Unibagué, _c2018. |
|
| 300 |
_a1 online resource : _billustrations. |
||
| 336 |
_atext _btxt _2rdacontent |
||
| 337 |
_acomputer _bc _2rdamedia |
||
| 338 |
_aonline resource _bcr _2rdacarrier |
||
| 347 |
_atext file _2rdaft |
||
| 347 | _bPDF | ||
| 504 | _aIncludes bibliographical references. | ||
| 588 | 0 | _aOnline resource; title from PDF title page (Digitalia, viewed October 4, 2023) | |
| 650 | 0 | _aSocial change. | |
| 650 | 0 | _aCommunity life. | |
| 650 | 0 |
_aResearch _zColombia. |
|
| 700 | 1 |
_aGarzón Orjuela,Juan Carlos, _eeditor. |
|
| 700 | 1 |
_aLopera Molano, Daniel, _eauthor. |
|
| 700 | 1 |
_aBonilla, Adriana, _eauthor. |
|
| 791 | 2 |
_aDigitalia (Firm), _edistributor. |
|
| 793 | 0 |
_gDigitalia eBook Collection: _aUniversidad de Ibagué |
|
| 856 | 4 | 0 |
_3Digitalia Hispánica _uhttps://www.digitaliapublishing.com/a/130060/ |
| 910 | _aPremium collection: 2023 | ||
| 942 | _cRAA | ||
| 999 |
_c280774 _d280774 |
||